000 00587nam a2200193Ia 4500
003 OSt
005 20201021093005.0
008 190216s9999||||xx |||||||||||||| ||und||
020 _a9780198069683
040 _coclc
082 _a891.4435
_bTAG/S
100 1 _aTagore, Rabindranath
_938
_d1861-1941
245 0 _aSelected Writings On Literature And Language /
_cRabindranath Tagore
250 _a5th Ed.
260 _bOxford University Press ,
_c2012.
_aNew Delhi:
300 _a413p
650 _aEnglish
942 _cBK
_2ddc
_h891.4435
_iTAG/S
_k891.4435
_mTAG/S
999 _c14774
_d14774